Bir siyasetçinin siyaset kronolojisi (Record no. 11888)

MARC details
000 -BAŞLIK
Sabit Uzunlukta Kontrol Alanı 01085na a2200313 4500
001 - KONTROL NUMARASI
Denetim Alanı 24398
003 - KONTROL NUMARASI IDENTIFIER
Denetim Alanı MIRAKIL
005 - SON İŞLEM TARİHİ VE ZAMANI
Denetim Alanı 20181226104236.0
008 - SABİT-BOY VERİ ELEMANLARI - GENEL BİLGİLER
Sabit Uzunlukta Kontrol Alanı 180928b tu 000 0
020 ## - ULUSLARARASI STANDART KİTAP NUMARASI
Uluslararası Standart Kitap Numarası 9786050300406
035 ## - SİSTEM KONTROL NUMARASI
Sistem Kontrol Numarası 14835
041 ## - DİL KODU
Metin / Ses Parça Veya Ayrı Başlığın Dil Kodu tur
082 ## - DEWEY ONLU SINIFLANDIRMA NUMARASI
Sınıflandırma Numarası 324.2172
Ürün Numarası G96 2015
090 ## - SINIFLAMA NUMARASI
Sınıflama Numarası 324.2172 G96 2015
130 ## - ANA GİRİŞ - ÜNİFORM BAŞLIK
Üniforma Başlık Gürsel Tekin ne dedi?
222 ## - ANAHTAR ADI
Anahtar Başlık Gürsel Tekin ne dedi?
245 ## - BAŞLIK TABLOSU
Başlık Bir siyasetçinin siyaset kronolojisi
Başlığın Kalan 2014-2015 : Gürsel Tekin ne dedi?
Sorumluluk Tablosu, Vb araştıran ve hazırlayan Özgür Keser
246 ## - UNVAN FORM VARYING
Başlık Doğru / Kısa Başlığı Gürsel Tekin ne dedi?
260 ## - YAYIN, DAĞITIM, VB
Yayın, Dağıtım, Vb Yeri İstanbul
Yayıncı, Dağıtıcı, Vs Adı Odak internet teknolojileri ve iletişim hizmetleri
Yayın, Dağıtım, Vb Tarihi 2015
300 ## - FİZİKSEL TANIM
Kapsam 214 s.
Diğer Fiziksel Ayrıntıları res.
Boyutlar 20 sm.
504 ## - KAYNAKÇA VB NOT
Kaynakça Vb Notu Dizin var.
600 ## - KONU KATMA GİRİŞ - KURUMSAL ADI
Kişisel Ad Tekin, Gürsel
Başlıklar Ve Bir Adla İlişkili Diğer Kelimeler CHP Milletvekili
Genel Alt Bölümü Söylev ve demeçler
Kronolojik Alt Bölümü Kronoloji
610 ## - KONU KATMA GİRİŞ - TOPLANTI ADI
Giriş Elemanı Olarak Kurumsal Ad Veya Yargı Alanı Adı CHP
Genel Alt Bölüm Milletvekilleri
Kronolojik Alt Bölüm Söylev ve demeçler
650 ## - KONU KATMA GİRİŞ - TOPİKAL DÖNEM
Topikal Süreli Veya Coğrafi Ad Giriş Elemanı Türk siyasetçiler
Genel Alt Bölümü Söylev ve demeçler
Kronolojik Alt Bölümü Kronoloji
Coğrafi Alt Bölümü Türkiye
651 ## - KONU KATMA GİRİŞ - COĞRAFİ ADI
Coğrafi İsim Türkiye
Genel Alt Bölümü Siyaset ve yönetim
Kronolojik Alt Bölümü Kronoloji
700 ## - KATMA GİRİŞ - KİŞİSEL İSİM
Kişisel Ad Keser, Özgür
942 ## - EKLENDİ GİRİŞ ELEMANLARI (KOHA)
Sınıflandırma Veya Raf Düzeni Kaynak Dewey Decimal Classification
Koha Öğesi Türü Books
040 ## - KATALOGLAMA KAYNAK
Orijinal Kataloglama Ajansı Milas
Kataloglama Dili tur
Metne Dönüştürmek Ajansı TR-AnCHP
999 ## - SİSTEM KONTROL NUMARALARI (KOHA)
Koha Biblionumber 11888
Koha Biblioitemnumber 11888
Holdings
Kullanım Kısıtlamaları Kalıcı Konum Mevcut Konum Edinme Tarihi Toplam Check-Out'Lar Tam Çağrı Numarası Barkod Tarih Son Görülme İtibaren Geçerli Fiyatlar Sigara Kamu Notu Koha Öğesi Türü
  Parti Okulu Kütüphanesi Parti Okulu Kütüphanesi 09/28/2018   324.2172 G96 2015 P00162 09/28/2018 09/28/2018 Books